| 000 -LEADER |
| fixed length control field |
00645nam a2200217Ia 4500 |
| 001 - CONTROL NUMBER |
| control field |
7737 |
| 003 - CONTROL NUMBER IDENTIFIER |
| control field |
GE_BSU |
| 005 - DATE AND TIME OF LATEST TRANSACTION |
| control field |
20221114145617.0 |
| 008 - FIXED-LENGTH DATA ELEMENTS--GENERAL INFORMATION |
| fixed length control field |
181216s2011en xx |||||||||||||| ||eng|| |
| 020 ## - INTERNATIONAL STANDARD BOOK NUMBER |
| International Standard Book Number |
9780763758288x |
| 040 ## - CATALOGING SOURCE |
| Transcribing agency |
GE_BSU |
| 041 ## - LANGUAGE CODE |
| Language code of text/sound track or separate title |
eng |
| 080 ## - UNIVERSAL DECIMAL CLASSIFICATION NUMBER |
| Universal Decimal Classification number |
621319.24 H-37 |
| 100 ## - MAIN ENTRY--PERSONAL NAME |
| Personal name |
Hauck, john |
| 9 (RLIN) |
14720 |
| 245 ## - TITLE STATEMENT |
| Title |
Electrical Design:of commercial and industrial building / |
| Statement of responsibility, etc. |
john Hauck |
| 260 ## - PUBLICATION, DISTRIBUTION, ETC. |
| Place of publication, distribution, etc. |
Usa : |
| Name of publisher, distributor, etc. |
Sudburry-Massachusetts, |
| Date of publication, distribution, etc. |
2011. |
| 300 ## - PHYSICAL DESCRIPTION |
| Extent |
164 p. : |
| Other physical details |
CD |
| Dimensions |
28 cm. |
| 653 ## - INDEX TERM--UNCONTROLLED |
| Uncontrolled term |
ElectricalDesign:of commercial and industrial building |
| 653 ## - INDEX TERM--UNCONTROLLED |
| Uncontrolled term |
ელექტროდიზაინი |
| 942 ## - ADDED ENTRY ELEMENTS (KOHA) |
| Koha item type |
წიგნი |
| Source of classification or shelving scheme |
|